Statistics for Countries Most Similar to Luxembourg

Click here to take the quiz!

General Stats

  • This quiz has been taken 40 times
  • The average score is 17 of 20

Answer Stats

RankCountryScore% Correct
1Belgium85.7
100%
4France80.7
100%
2Germany82.8
100%
5Netherlands79.7
96%
6Switzerland78.1
96%
3Austria80.9
93%
9Denmark75.4
93%
16Italy73.4
93%
19Sweden72.2
93%
7Czechia78.1
89%
13Spain74.3
89%
10Slovakia74.8
86%
11UK74.3
86%
15Poland73.9
82%
8Slovenia75.5
82%
18Portugal72.3
79%
14Croatia74.2
75%
12Ireland74.3
75%
17Hungary73.3
71%
20Latvia72.2
54%

Score Distribution

Percentile by Number Answered

Percent of People with Each Score

Your Score History

You have not taken this quiz